[Event "Landesliga U20 Nord 1011"]
[Site "Bayern"]
[Date "2010.12.04"]
[Round "3.4"]
[White "Koch, Christian1"]
[Black "Sammer, Fabian"]
[Result "0-1"]
[WhiteElo "1481"]
[BlackElo "1359"]
[PlyCount "92"]
[EventDate "2010.10.16"]
[EventType "team-tourn"]
[EventRounds "7"]
[EventCountry "GER"]
[SourceTitle "EXT 2022"]
[Source "ChessBase"]
[SourceDate "2021.10.06"]
[SourceVersion "1"]
[SourceVersionDate "2021.10.06"]
[SourceQuality "1"]
[WhiteTeam "Hoechstadt SC U20"]
[BlackTeam "Puschendorf U20"]
[WhiteTeamCountry "GER"]
[BlackTeamCountry "GER"]

1. e4 c5 2. Nf3 e6 3. d4 cxd4 4. Nxd4 g6 5. Be3 Bg7 6. c3 b6 7. Be2 Bb7 8. Bf3 Ne7 9. 0-0 0-0 10. Nd2 Nbc6 11. N2b3 Ne5 12. Qc2 d5 13. exd5 Nxf3+ 14. Nxf3 Nxd5 15. Bd4 Bxd4 16. Nbxd4 Rc8 17. Rad1 Qf6 18. Rfe1 Rfd8 19. Ne5 Nf4 20. Ndf3 h5 21. Qa4 a6 22. Nd7 Nh3+ 23. Kf1 Qf5 24. Re5 Qf4 25. Nxb6 Bxf3 26. Rxd8+ Rxd8 27. Qxf4 Rd1+ 28. Re1 Bxg2+ 29. Kxg2 Nxf4+ 30. Kf1 Rd2 31. Nc4 Rc2 32. Re3 g5 33. Ke1 Ng2+ 34. Kd1 Nxe3+ 35. fxe3 Rxh2 36. Nd2 g4 37. c4 Kf8 38. c5 Ke7 39. Ke1 h4 40. b4 h3 41. a4 g3 42. Nf3 g2 43. Kf2 Rh1 44. b5 axb5 45. axb5 Rf1+ 46. Kg3 Rxf3+ 0-1